Agronegocios : empresa y emprendimiento /

Guardado en:
Autor Principal: Alvarado Ledesma, Manuel, 1952-
Formato: Libro
Idioma:Spanish
Publicado: Buenos Aires : Librería "El Ateneo" Editorial, 2007.
Edición:2a. ed., actualizada y ampliada.
Materias:
Etiquetas: Agregar Etiqueta
Sin Etiquetas, Sea el primero en etiquetar este registro!
LEADER 00776nam a22002175a 4500
001 EAD.ead004375
008 060331s2007####ag#####g#b####000#0#spa#d
005 20191107152615.0
245 1 0 |a Agronegocios :  |b empresa y emprendimiento /  |c Manuel Alvarado Ledesma. 
250 |a 2a. ed., actualizada y ampliada. 
260 |a Buenos Aires :  |b Librería "El Ateneo" Editorial,  |c 2007. 
300 |a 266 p. ;  |c 22 cm. 
504 |a Incluye referencias bibliográficas. 
020 |a 9789500259149 
100 1 |a Alvarado Ledesma, Manuel,  |d 1952- 
082 0 4 |a 630.68  |2 21 
650 7 |a Administración agraria.  |2 isoc 
650 7 |a Economía agraria.  |2 unbist 
653 |a Clusters. 
653 |a Bibliografía básica (LA) 
859 |a AR-BaBDC  |b BIB. ADMINISTRACION - Libros  |h 630.68  |i Al86a2  |p b07046  |t Ej.2